[Event "Ruhrgebiet Regionalliga 0405"]
[Site "Ruhrgebiet"]
[Date "2005.03.20"]
[Round "8.6"]
[White "Grofig, Patrick"]
[Black "Slowik, Martin"]
[Result "1-0"]
[WhiteElo "1917"]
[BlackElo "1987"]
[PlyCount "65"]
[EventDate "2004.09.19"]
[EventType "team"]
[EventRounds "9"]
[EventCountry "GER"]
[SourceTitle "EXT 2006"]
[Source "ChessBase"]
[SourceDate "2005.11.24"]
[SourceVersion "1"]
[SourceVersionDate "2005.11.24"]
[SourceQuality "1"]
[WhiteTeam "Berghofen Wambel"]
[BlackTeam "Holsterhausen"]
[WhiteTeamCountry "GER"]
[BlackTeamCountry "GER"]

1. d4 f5 2. Nf3 d6 3. c4 Nf6 4. Nc3 g6 5. Qc2 Bg7 6. Bg5 Nc6 7. 0-0-0 h6 8. Bf4 Nh5 9. Bg3 Nxg3 10. hxg3 e6 11. g4 Qf6 12. gxf5 exf5 13. Nd5 Qf7 14. e4 f4 15. e5 Bf5 16. Bd3 Bxd3 17. Qxd3 dxe5 18. Nxe5 Nxe5 19. dxe5 0-0 20. Nf6+ Bxf6 21. exf6 Qxf6 22. Rxh6 Kg7 23. Rdh1 Rg8 24. Rh7+ Kf8 25. Rxc7 Rd8 26. Qa3+ Qd6 27. Qxd6+ Rxd6 28. Rc8+ Kg7 29. Rc7+ Kf6 30. Rxb7 Rc8 31. b3 Re8 32. Rd1 Ra6 33. Rd2 1-0

[Event "Ruhrgebiet VL1 0304"]
[Site "Ruhrgebiet"]
[Date "2004.01.11"]
[Round "5.7"]
[White "Slowik, Martin"]
[Black "Deckert, Frank"]
[Result "1/2-1/2"]
[WhiteElo "1996"]
[BlackElo "1803"]
[PlyCount "83"]
[EventDate "2003.09.28"]
[EventType "team"]
[EventRounds "9"]
[EventCountry "GER"]
[SourceTitle "EXT 2007"]
[Source "ChessBase"]
[SourceDate "2006.11.23"]
[SourceVersion "1"]
[SourceVersionDate "2006.11.23"]
[SourceQuality "1"]
[WhiteTeam "Holsterhausen"]
[BlackTeam "Brambauer"]
[WhiteTeamCountry "GER"]
[BlackTeamCountry "GER"]

1. Nf3 c6 2. c4 d5 3. b3 Nf6 4. g3 g6 5. Bb2 Bg7 6. Bg2 0-0 7. 0-0 Bg4 8. d3 Bxf3 9. Bxf3 Nbd7 10. cxd5 cxd5 11. Nc3 e6 12. Rc1 a6 13. Qd2 Qa5 14. Rc2 Rac8 15. Nxd5 Qxd2 16. Nxf6+ Bxf6 17. Rxd2 Bxb2 18. Rxb2 Rc7 19. d4 b6 20. Rd1 Nf6 21. e4 Rd8 22. Rbd2 Kf8 23. d5 e5 24. Bg2 Ne8 25. f4 f6 26. fxe5 fxe5 27. Rf1+ Ke7 28. Rdf2 Nd6 29. Rf6 Re8 30. Re6+ Kd7 31. Rxe8 Nxe8 32. Rf7+ Kd6 33. Rxc7 Nxc7 34. b4 a5 35. bxa5 bxa5 36. Kf2 h6 37. Ke3 Ne8 38. Bf1 Kc5 39. a3 Nf6 40. Be2 Kd6 41. h4 Kc5 42. Kd3 1/2-1/2

[Event "Ruhrgebiet VL2 0001"]
[Site "Ruhrgebiet"]
[Date "2000.11.19"]
[Round "3"]
[White "Scheibe, Werner"]
[Black "Slowik, Martin"]
[Result "1-0"]
[WhiteElo "1951"]
[BlackElo "1955"]
[PlyCount "96"]
[EventDate "2000.09.17"]
[EventType "team-tourn"]
[EventRounds "9"]
[EventCountry "GER"]
[SourceTitle "EXT 2023"]
[Source "ChessBase"]
[SourceDate "2022.10.05"]
[SourceVersion "1"]
[SourceVersionDate "2022.10.05"]
[SourceQuality "1"]
[WhiteTeam "Herne Sodingen"]
[BlackTeam "Holsterhausen"]
[WhiteTeamCountry "GER"]
[BlackTeamCountry "GER"]

1. e4 g6 2. d4 Bg7 3. c4 d6 4. Nc3 Nd7 5. Be3 e5 6. d5 Ne7 7. Bd3 Nc5 8. Bc2 a5 9. f3 f5 10. Na4 b6 11. Nxc5 bxc5 12. Ba4+ Bd7 13. Bxd7+ Qxd7 14. Ne2 0-0 15. 0-0 Rf7 16. Qd2 Qa4 17. Rfc1 Nc8 18. Qd3 Nb6 19. b3 Qe8 20. a4 Nd7 21. Nc3 Nb8 22. Nb5 Na6 23. Bd2 Nb4 24. Bxb4 axb4 25. Ra2 Bh6 26. Rf1 Qe7 27. exf5 Rxf5 28. g3 Rf7 29. Re2 Qg5 30. Kg2 Kg7 31. h4 Qd8 32. Qe4 Qd7 33. Qg4 Rf5 34. Qh3 Rf7 35. Qxd7 Rxd7 36. f4 exf4 37. gxf4 Kf7 38. Kg3 Bg7 39. h5 Bf6 40. h6 Bh8 41. Kg4 Bf6 42. Re6 Bb2 43. f5 gxf5+ 44. Rxf5+ Kg8 45. Na7 Rf8 46. Rxf8+ Kxf8 47. Nb5 Kf7 48. a5 c6 1-0